Valli bergamasche - Statistics

Statistiche generali
  • Questo quiz è stato fatto 110 volte
  • Il punteggio medio è 7 su 12
Statistiche sulle risposte
Risposta % Corretto
Val Brembana
96%
Val Seriana
95%
Valle Imagna
84%
Val di Scalve
70%
Val Cavallina
66%
Val Taleggio
61%
Val Brembilla
50%
Val Gandino
42%
Val Serina
42%
Val Vertova
34%
Valle del Riso
32%
Val Borlezza
31%
Nessun quiz corrispondente trovato
Distribuzione punteggi
Percentuale di utenti per punteggio
Percentile per numero di risposta
I tuoi punteggi nel tempo
Non hai fatto questo quiz